00970cam a2200289 a 4500999001700000001000700017003000400024005001700028008004100045010001700086020002200103040001800125043001200143050001900155082001600174100003200190245004000222250002600262260004200288300004700330440001700377500006400394650001900458906004500477942003800522952012000560 c26961d26961206216OSt20170207095647.0990201s2000 nyua b 001 0 eng  a 99070841  a0500203261 (pbk.) aDLCcDLCdDLC aa-ja---00aN7350 .S7 200000a709/.522211 aStanley-Baker, Joan.d2000-10aJapanese art /cJoan Stanley-Baker. aRev. and expanded ed. aNew York :bThames and Hudson,c2000. a223 p. :bill. (some col.), maps ;c22 cm. 0aWorld of art aIncludes bibliographical references (p. 212-215) and index. 0aArt, Japanese. a7bcbccorignewd2eopcnf19gy-gencatlg 2lcccBOOKShN7350 .S7 2000k34511 00102lcc4070aMUCbMUCcTECHd2017-02-07eDonation(BFA)l0oN7350 .S7 2000p34511r2018-07-10w2017-02-07yBOOKS